000 00719nab a2200229 u 4500
001 10924
003 HDC
007 cr bn ---aaaaa
008 210206c mydr|nes 0 a may d
040 _aHDC
245 0 _aDomino's seluruh negara 2014
260 _a[No place] :
_bUtusan Malaysia,
_c2012
336 _atext
_2rdacontent
337 _acomputer
_2rdamedia
338 _aonline resource
_2rdacarrier
650 _aFast food
_92040
650 _aFood manufacturer
_91108
856 _zRequest full-text at [email protected]
942 _2lcc
942 _cNEWS
942 _kNWSC 0000320
999 _c8247
_d8247